| 000 | 00770nam a2200229 a 4500 | ||
|---|---|---|---|
| 005 | 20240925063757.0 | ||
| 008 | 011016s1997 mx r 000 0 spa d | ||
| 020 | _a0792344421 | ||
| 035 | _aUPN01000113102 | ||
| 049 | _aCG | ||
| 050 | 4 |
_aQA11 _bM3.69 |
|
| 245 | 0 | 0 |
_aMany visions, many aims / _cWilliam H. Schmidt... [et al.] |
| 260 |
_aDordrecht, Netherlands ; _bKluwer, _cc1997 |
||
| 300 |
_a3 v. : _btablas, gráfs. |
||
| 500 | _aLa biblioteca tiene el v.1 : a cross-national investigation of curricular intentions in school mathematics. | ||
| 650 | 4 |
_aMatemáticas _xEstudio y enseñanza _93601 |
|
| 650 | 4 |
_aMatemáticas _xPlanes y programas _912134 |
|
| 700 | 1 |
_aSchmidt, William H. _ecoaut. _929982 |
|
| 901 | _a186642 | ||
| 902 | _aMMA/tgg | ||
| 905 | _aLibro | ||
| 999 |
_c87010 _d87010 |
||